000 00901cam a2200277 i 4500
999 _c22993
_d22993
001 1826381
005 20170125121430.0
008 800424s1981 nyuaf 001 0 eng
010 _a 80016189
020 _a0070513457 :
_c$34.50
040 _aDLC
_cDLC
_dDLC
050 0 0 _aN8798 .R42 1980
100 1 _aRedstone, Louis G.
245 1 0 _aPublic art :
_bnew directions /
_cLouis G. Redstone with Ruth R. Redstone.
260 _aNew York :
_bMcGraw-Hill,
_cc1981.
300 _aviii, 216 p., [16] leaves of plates :
_bill. ;
_c29 cm.
500 _aIncludes index.
650 0 _aPublic art.
650 0 _aArt and state.
650 0 _aArt patronage.
700 1 _aRedstone, Ruth R.,
_ejoint author.
942 _2lcc
_cBOOKS